All Planets in Star Wars: Andor - Statistics

General Stats
  • This quiz has been taken 133 times
    29 since last reset
  • The average score is 10 of 20
Answer Stats
Season Episode Planet % Correct
Season 1 Episode 4: Aldhani Coruscant
100%
Season 1 Episode 1: Kassa Ferrix
91%
Season 1 Episode 4: Aldhani Aldhani
87%
Season 2 Episode 4: Ever Been to Ghorman? Ghorman
83%
Season 2 Episode 1: One Year Later Yavin 4
78%
Season 2 Episode 12: Jedha, Kyber, Erso Jedha
74%
Season 1 Episode 8: Narkina 5 Narkina 5
74%
Season 2 Episode 1: One Year Later Chandrila
61%
Season 1 Episode 1: Kassa Kenari
61%
Season 1 Episode 1: Kassa Morlana One
52%
Season 1 Episode 7: Announcement Niamos
43%
Season 1 Episode 12: Rix Road Scarif
43%
Season 2 Episode 10: Make It Stop Naboo
26%
Season 2 Episode 4: Ever Been to Ghorman? D'Qar
22%
Season 2 Episode 1: One Year Later Mina-Rau
17%
Season 1 Episode 8: Narkina 5 Segra Milo
13%
Season 2 Episode 1: One Year Later Sienar TF73
13%
Season 2 Episode 6: What a Festive Evening Steergard
13%
Season 1 Episode 6: The Eye Frezno
9%
Season 2 Episode 1: One Year Later Maltheen Divide
0%
No matching quizzes found
Score Distribution
Percent of People with Each Score
Percentile by Number Answered
Your Score History
You have not taken this quiz since the last reset